000 005530000a22001690004500
003 MACL
005 20160120154112.0
008 150507b xxu||||| |||| 00| 0 eng d
040 _aMACL
_cmacl
082 _a800/BHA
100 _aडॉ आशुतोष सिंह भदौरिया
_95
245 _aसम्‍पूर्ण पत्र लेखन कला
260 _aदिल्‍ली
_bबैनियन ट्री पब्लिशर्स
_c2011
350 _a500
650 _aपत्र
_96
942 _cHIN
_k800
_2ddc
999 _c47359
_d47359